Housing futures (Record no. 82608)
[ view plain ]
| 000 -LEADER | |
|---|---|
| fixed length control field | 01057cad a22002415a 4500 |
| 001 - CONTROL NUMBER | |
| control field | L150691 |
| 008 - FIXED-LENGTH DATA ELEMENTS--GENERAL INFORMATION | |
| fixed length control field | 100817e2010 xxk 000 0 eng d |
| 022 ## - INTERNATIONAL STANDARD SERIAL NUMBER | |
| International Standard Serial Number | 14653001 |
| 035 ## - SYSTEM CONTROL NUMBER | |
| System control number | (Sirsi) u150691 |
| 041 0# - LANGUAGE CODE | |
| Language code of text/sound track or separate title | eng |
| 100 1# - MAIN ENTRY--PERSONAL NAME | |
| Personal name | Power, Anne |
| 245 00 - TITLE STATEMENT | |
| Title | Housing futures |
| Remainder of title | our homes and communities, a report for the Federation of Master Builders |
| Medium | [electronic resource] |
| 260 ## - PUBLICATION, DISTRIBUTION, ETC. | |
| Place of publication, distribution, etc. | London |
| Name of publisher, distributor, etc. | FMB |
| Date of publication, distribution, etc. | 2010 |
| 520 ## - SUMMARY, ETC. | |
| Summary, etc. | Looks at the current situation of housing in the UK; future needs; training; environmental concerns; social cohesion; public spending cuts; economic change; supply and affordability; role of government; small and medium sized builders (SMEs). |
| 590 ## - LOCAL NOTE (RLIN) | |
| Local note | KA NTK |
| 651 #4 - SUBJECT ADDED ENTRY--GEOGRAPHIC NAME | |
| Geographic name | United Kingdom |
| Chronological subdivision | |
| 690 ## - LOCAL SUBJECT ADDED ENTRY--TOPICAL TERM (OCLC, RLIN) | |
| Topical term or geographic name as entry element | PROPERTY-RESIDENTIAL PROPERTY-RESIDENTIAL PROPERTY MARKET |
| 700 1# - ADDED ENTRY--PERSONAL NAME | |
| Personal name | Lane, Laura |
| 710 ## - ADDED ENTRY--CORPORATE NAME | |
| Corporate name or jurisdiction name as entry element | LSE Housing and Communities |
| 710 ## - ADDED ENTRY--CORPORATE NAME | |
| Corporate name or jurisdiction name as entry element | Federation of Master Builders |
| 9 (RLIN) | 465 |
| 856 40 - ELECTRONIC LOCATION AND ACCESS | |
| Uniform Resource Identifier | <a href="https://www.fmb.org.uk/EasySiteWeb/GatewayLink.aspx?alId=201469">https://www.fmb.org.uk/EasySiteWeb/GatewayLink.aspx?alId=201469</a> |
| Public note | View this item free of charge at www.fmb.org.uk |
| 942 ## - ADDED ENTRY ELEMENTS (KOHA) | |
| Suppress in OPAC | 0 |
| Withdrawn status | Lost status | Source of classification or shelving scheme | Damaged status | Not for loan | Home library | Current library | Shelving location | Date acquired | Total Checkouts | Full call number | Barcode | Date last seen | Copy number | Price effective from | Koha item type |
|---|---|---|---|---|---|---|---|---|---|---|---|---|---|---|---|
| Dewey Decimal Classification | Virtual | Virtual | Online | 17/08/2010 | ONLINE PUBLICATION | 150691-2001 | 06/08/2019 | 1 | 06/08/2019 | Book |